C.A.S.I.T.A./ (Record no. 2718)

MARC details
000 -LEADER
campo de control de longitud fija 00444nam a2200145 4500
003 - IDENTIFICADOR DE NÚMERO DE CONTROL
campo de control OSt
005 - FECHA Y HORA DE LA ÚLTIMA TRANSACCIÓN
campo de control 20221209160901.0
008 - DATOS DE LONGITUD FIJA--INFORMACIÓN GENERAL
campo de control de longitud fija 221209b |||||||| |||| 00| 0 eng d
040 ## - FUENTE DE CATALOGACIÓN
Centro/agencia transcriptor Biblioteca Lado V
082 ## - NÚMERO DE LA CLASIFICACIÓN DECIMAL DEWEY
Número de clasificación 700
Número de ítem C339c
245 ## - MENCIÓN DEL TÍTULO
Título C.A.S.I.T.A./
Resto del título Caja Andante Seriada Infiltrada en el trabajo y el Arte/
300 ## - DESCRIPCIÓN FÍSICA
Otras características físicas es una caja naranja
700 ## - ENTRADA AGREGADA--NOMBRE PERSONAL
Nombre de persona Bessa, Antonio Sergio
Término indicativo de función/relación autor
942 ## - ELEMENTOS DE ENTRADA SECUNDARIOS (KOHA)
Fuente del sistema de clasificación o colocación Clasificación Decimal Dewey
Tipo de ítem Koha Libros
Parte de la signatura que corresponde a la clasificación (Parte de la clasificación) 700
Parte de la signatura que identifica el ejemplar (Parte del ítem) C339c
Holdings
Estatus retirado Estado de pérdida Fuente del sistema de clasificación o colocación Estado de daño No para préstamo Biblioteca de origen Biblioteca actual Fecha de adquisición Número de inventario Total de préstamos Signatura topográfica completa Código de barras Visto por última vez Precio de reemplazo Tipo de ítem Koha
    Clasificación Decimal Dewey     Biblioteca LadoV Biblioteca LadoV 09/12/2022 003799   700 C339c 003799 09/12/2022 09/12/2022 Libros